Chansons de Beatles - Mort Subite - Statistiques

Statistiques générales
  • Ce quiz a été pris 655 fois
  • Le résultat moyen est 10 sur 20
Answers on the Grid
Answers color-coded by a green-red scale on the quiz's grid according to % correct below.
All You Need Is Love
Back in the USA
Blackbird
Colonel Mustard
Come Together
Day Tripper
Dig a Donkey
Don't Let Me Down
Eleanor Rigby
Glass Potato
Help!
Helter Skelter
Here Comes The Sun
Hey Jude
I Am the Eggman
I Want To Hold Your Hand
I Won't
I'm Only Dreaming
Let It Be
Love Me Do
Oh! Honey
Paperback Writer
Penny Lane
Please Please Me
Raspberry Meadows
Revolution
Ride My Bike
Seven Days a Week
She Loves Me
Ticket to Ride
Waterloo Sunset
Yellow Submarine
Yesterday
 
Statistiques - réponses
Réponse % Correct
All You Need Is Love
90%
Let It Be
70%
Here Comes The Sun
68%
Help!
66%
Hey Jude
66%
Come Together
63%
Eleanor Rigby
57%
Blackbird
55%
Love Me Do
52%
Penny Lane
50%
Yellow Submarine
50%
I Want To Hold Your Hand
49%
Don't Let Me Down
48%
Yesterday
46%
Day Tripper
38%
Please Please Me
38%
Ticket to Ride
34%
Helter Skelter
30%
Paperback Writer
30%
Revolution
28%
Aucun quiz correspondant
Distribution des résultats
% des personnes avec chaque résultat
Percentile par nombre de réponses
Votre historique - résultats
Vous n’avez pas pris ce quiz